Geometric measure theory: a beginner's guide

Uloženo v:
Podrobná bibliografie
Hlavní autoři: Morgan, Frank (autor), Bredt, James F (Autor)
Médium: Kniha
Jazyk:angličtina
Vydáno: San Diego Academic Press 1995
Vydání:2a. ed
Témata:
Tagy: Přidat tag
Žádné tagy, Buďte první, kdo vytvoří štítek k tomuto záznamu!

MARC

LEADER 00000cam a2200000 a 4500
001 UCE3175
003 CL-VaPUC
008 140821e19950000us |||||||||||||||||eng|d
020 |a 0125068573 
082 0 4 |a 516  |b MOR  |2 21 
100 |a Morgan, Frank  |e autor  |9 575661 
700 0 |a Bredt, James F  |e author  |9 575662 
245 1 0 |a Geometric measure theory: a beginner's guide 
250 |a 2a. ed 
300 |a 173 p 
942 |c BK 
945 |d 20140821 14:35:00  |a dcastane 
260 |a San Diego  |b Academic Press  |c 1995 
650 0 |a Geometría   |9 264063 
650 7 |a GEOMETRIA CLASICA  |2 CL-VaPUC  |9 422284 
583 |a last modification  |c 20140821 14:35:00  |k Rodrigo Vera 
999 |c 356599  |d 356597 
952 |0 0  |1 0  |3 erd  |4 0  |6 516_000000000000000_MOR_1995  |7 0  |8 A  |9 464049  |a BIBMAT  |b BIBMAT  |i 5110335  |o 516 MOR 1995  |p 5110335  |r 2025-01-07  |w 2019-11-23  |y BK  |z Catalogado en:20140821  |k MAT